00381nam a2200145Ia 4500008004100000041000800041082001700049100002200066245004800088250000900136260004100145300000800186542001500194650002600209220531s9999 xx 000 0 und d aeng a-bPRI / MAH aMaheshwari, S. N. aPrinciples of Management Accounting, Vol.-1 a16th aNew DelhibSultan Chand & Sonsc2009 aD.9 d11-03-2017 aManagement Accounting